000 00600nam a2200193Ia 4500
003 GCL
008 140319s9999 xx 000 0 ara d
040 _aGCL /
_cGCL
082 0 4 _a368.01
_bد م
100 1 _aدنسديل، و. ا
245 1 0 _aمبادئ التأمين /
_cدنسديل، و. ا
700 1 _aاحمد فؤاد الانصارى
700 1 _aيحيى عويس
490 _aالالف كتاب
_v0
650 0 4 _aشركات التامين
650 0 4 _aالتأمين - قوانين وتشريعات
650 0 4 _aالتأمين - إدارة وتنظيم
942 _2ddc
_cBK
999 _c43576
_d43576